000 00638nam a22002297a 4500
001 62432
003 UA-OsUOA
005 20211019204209.0
007 ta
008 20090826b un ||||| |||| 00| 0 ukr d
040 _aUA-OsUOA
_brus
_cUA-OsUOA
_dUA-OsUOA
041 _arus
080 _a94(47+57)
090 _a94(47+57)
_bБ83
100 _aБорщевский В. Я.
245 _aДокументы пятилетних планов как исторический источник
260 _aДніпропетровськ
_c1980
300 _a54 с.
650 7 _a94 Історія
_2UDC
942 _cBK
_2udc
955 _a2
999 _c348514
_d348514